[Event "Mondiale Lampo FIDE 2019"]
[Site "Mosca"]
[Date "30.12.2019"]
[Round "21.49"]
[White "Piorun, Kacper"]
[Black "Bologan, Victor"]
[Result "1/2-1/2"]
[WhiteTitle "GM"]
[BlackTitle "GM"]
[WhiteElo "2611"]
[BlackElo "2574"]
[WhiteFideId "1130420"]
[BlackFideId "13900048"]
[EventDate "2019.12.29"]

1. d4 d6 2. e4 Nf6 3. Nc3 e5 4. Nf3 Nbd7 5. Bc4 Be7 6. a4 O-O 7. O-O c6 8. h3
exd4 9. Qxd4 Nc5 10. Bf4 Ne6 11. Bxe6 Bxe6 12. Rad1 d5 13. Qe3 Qb6 14. Qxb6 axb6
15. Nd4 Nxe4 16. Nxe4 dxe4 17. Nxe6 fxe6 18. Be3 Rxa4 19. Rd7 Bf6 20. Rxb7 b5
21. b3 Ra2 22. Rc1 Bb2 23. Rd1 Be5 24. c4 bxc4 25. bxc4 Rc2 26. c5 h6 27. Re7
Rf6 28. g3 Rg6 29. Rd8+ Kh7 30. Ree8 Rf6 31. Rc8 Rf3 32. Rh8+ Kg6 33. Rxc6 Bxg3
34. Rxe6+ Kf7 35. Ree8 Kg6 36. Rhf8 Bxf2+ 37. Bxf2 Rcxf2 38. Rxf3 Rxf3 39. c6
Rc3 40. Rxe4 Rxc6 41. Kg2 1/2-1/2

[Event "Mondiale Lampo FIDE 2019"]
[Site "Mosca"]
[Date "30.12.2019"]
[Round "21.50"]
[White "Gajewski, Grzegorz"]
[Black "Utegaliyev, Azamat"]
[Result "0-1"]
[WhiteTitle "GM"]
[WhiteElo "2626"]
[BlackElo "2502"]
[WhiteFideId "1116207"]
[BlackFideId "13702467"]
[EventDate "2019.12.29"]

1. e4 d5 2. exd5 Qxd5 3. Nf3 Nf6 4. d4 Bg4 5. Be2 e6 6. h3 Bh5 7. O-O Be7 8. c4
Qd8 9. Nc3 O-O 10. Be3 c6 11. g4 Bg6 12. Ne5 Nfd7 13. f4 Nxe5 14. dxe5 Qc8 15.
Qe1 Na6 16. Qf2 f6 17. Bd4 fxe5 18. Bxe5 Bc5 19. Bd4 Bxd4 20. Qxd4 Qd8 21. Rad1
Qe7 22. Qe5 Qc5+ 23. Qxc5 Nxc5 24. b4 Ne4 25. Nxe4 Bxe4 26. Rd7 Rf7 27. Rxf7
Kxf7 28. Rd1 Ke7 29. Kf2 a5 30. Ke3 Bg6 31. b5 cxb5 32. cxb5 Rc8 33. b6 Rc6 34.
Bb5 Rc3+ 35. Kd4 Rc2 36. a4 Be8 37. Bd3 Ra2 38. Ke5 Rxa4 39. Rc1 Bc6 40. Bxh7
Rb4 41. Rc5 a4 42. Bd3 Rxb6 43. Ra5 Rb3 44. Kd4 Rb4+ 45. Ke3 Kd6 46. h4 b5 0-1

[Event "Mondiale Lampo FIDE 2019"]
[Site "Mosca"]
[Date "30.12.2019"]
[Round "21.51"]
[White "Kezin, Roman"]
[Black "Bartel, Mateusz"]
[Result "1/2-1/2"]
[WhiteTitle "IM"]
[BlackTitle "GM"]
[WhiteElo "2470"]
[BlackElo "2634"]
[WhiteFideId "24124621"]
[BlackFideId "1112635"]
[EventDate "2019.12.29"]

1. d4 e6 2. c4 b6 3. Nc3 Bb7 4. a3 f5 5. d5 Nf6 6. g3 Bd6 7. Bg2 O-O 8. Nh3 a5
9. O-O Na6 10. Qc2 Nc5 1/2-1/2

[Event "Mondiale Lampo FIDE 2019"]
[Site "Mosca"]
[Date "30.12.2019"]
[Round "21.52"]
[White "Sanal, Vahap"]
[Black "Antipov, Mikhail Al."]
[Result "0-1"]
[WhiteTitle "GM"]
[BlackTitle "GM"]
[WhiteElo "2549"]
[BlackElo "2549"]
[WhiteFideId "6300545"]
[BlackFideId "4107012"]
[EventDate "2019.12.29"]

1. Nc3 e5 2. Nf3 Nc6 3. d3 g6 4. g3 Bg7 5. Bg2 Nge7 6. e4 O-O 7. O-O d6 8. Nh4
f5 9. f4 exf4 10. gxf4 Nd4 11. Nf3 Nec6 12. Be3 Nxf3+ 13. Qxf3 fxe4 14. dxe4 Be6
15. Qe2 Qe7 16. Rad1 Qf7 17. Nd5 Bxd5 18. Rxd5 Rae8 19. c3 Qe7 20. Qg4 Kh8 21.
h4 Rg8 22. Kf2 Qf7 23. h5 g5 24. Rxg5 Qxa2 25. Bf3 Qxb2+ 26. Be2 Bf6 27. Rg1
Bxg5 28. fxg5 Qxc3 29. g6 Ref8+ 30. Bf3 Qb2+ 31. Ke1 Qf6 32. Bh6 Rg7 33. Bxg7+
Qxg7 34. Be2 h6 35. Rf1 Qc3+ 36. Kd1 Qa1+ 37. Kd2 Qd4+ 38. Kc2 Qc5+ 39. Kb2 Qd4+
40. Kc2 Rxf1 41. Qc8+ Kg7 42. Qd7+ Kf6 43. Bxf1 Qc5+ 44. Kd1 Qd4+ 45. Kc2 Qxe4+
46. Kb2 Qe5+ 47. Kc1 Qf4+ 48. Kb2 Qd4+ 49. Kc1 Qe3+ 50. Kb2 Qe7 51. Qc8 Kg7 52.
Bc4 d5 53. Bxd5 Qe5+ 54. Kc1 Qc3+ 55. Kb1 Qd3+ 56. Kc1 Qxd5 57. Qxc7+ Kf6 58.
Qxb7 Qc5+ 59. Kd1 Qd6+ 60. Kc1 Qf4+ 61. Kd1 Qd4+ 62. Kc1 Qc4+ 63. Kd1 Qd3+ 64.
Kc1 Qc3+ 65. Kd1 Ne7 66. Qa6+ Kg7 67. Qxa7 Qe5 68. Kc2 Kf6 69. Qb6+ Kg7 70. Qa7
Qd6 71. Qa1+ Qf6 72. Qa7 Qc6+ 73. Kd1 Qd5+ 74. Kc2 Qe5 75. Kc1 Qg5+ 76. Kc2 Qf6
77. Kc1 Qc6+ 78. Kd1 Qd6+ 79. Kc1 Kf6 80. Qa1+ Qe5 81. Qa6+ Kg5 82. Qf1 Nf5 83.
Qh1 Qc3+ 84. Kb1 Qb3+ 85. Ka1 Qc3+ 86. Ka2 Kf6 87. Qd5 Qc2+ 88. Ka1 Qa4+ 89. Kb1
Qb4+ 90. Ka2 Qd4 91. Qf7+ Kg5 92. Kb1 Ng7 93. Qf3 Nxh5 94. Qg2+ Qg4 0-1

[Event "Mondiale Lampo FIDE 2019"]
[Site "Mosca"]
[Date "30.12.2019"]
[Round "21.53"]
[White "Laznicka, Viktor"]
[Black "Ganguly, Surya Shekhar"]
[Result "1/2-1/2"]
[WhiteTitle "GM"]
[BlackTitle "GM"]
[WhiteElo "2648"]
[BlackElo "2633"]
[WhiteFideId "316385"]
[BlackFideId "5002150"]
[EventDate "2019.12.29"]

1. d4 Nf6 2. Bf4 c5 3. d5 g6 4. Nc3 d6 5. e4 Bg7 6. Bb5+ Nbd7 7. a4 O-O 8. Nf3
a6 9. Be2 Nh5 10. Bg5 h6 11. Be3 Rb8 12. Qd2 Kh7 13. g4 Nhf6 14. g5 hxg5 15.
Nxg5+ Kg8 16. h4 Ne5 17. f4 Neg4 18. Bg1 b5 19. axb5 axb5 20. Nd1 e5 21. dxe6
Bxe6 22. Ne3 Nxe3 23. Bxe3 Ra8 24. Rd1 d5 25. e5 Nd7 26. c3 Bf5 27. h5 d4 28.
cxd4 cxd4 29. Bxd4 gxh5 30. Bd3 Bg4 31. Bh7+ Kh8 32. Bb1 f5 33. Kf2 Qe8 34. Rh2
Ra6 35. Rdh1 Rh6 36. Ba2 Qe7 37. e6 Nc5 38. Qe3 Bxd4 39. Qxd4+ Kg8 40. Nf7 Ne4+
41. Ke3 Rxe6 42. Ne5 Re8 43. Rxh5 Bxh5 44. Rxh5 Qg7 45. Qd7 Qg3+ 46. Ke2 Qf2+
47. Kd1 Qf1+ 48. Kc2 Qe2+ 49. Kc1 Qe1+ 50. Kc2 Qe2+ 51. Kc1 Qe3+ 52. Kc2 Qe2+
53. Kc1 Qe3+ 54. Kd1 Qg1+ 55. Kc2 Qf2+ 56. Kd1 Qf1+ 57. Kc2 Qe2+ 58. Kc1 Qe1+
59. Kc2 Qe2+ 60. Kc1 1/2-1/2

[Event "Mondiale Lampo FIDE 2019"]
[Site "Mosca"]
[Date "30.12.2019"]
[Round "21.54"]
[White "Sadhwani, Raunak"]
[Black "Timofeev, Artyom"]
[Result "0-1"]
[WhiteTitle "IM"]
[BlackTitle "GM"]
[WhiteElo "2507"]
[BlackElo "2588"]
[WhiteFideId "35093487"]
[BlackFideId "4140419"]
[EventDate "2019.12.29"]

1. d4 d5 2. Nc3 g6 3. Nf3 Bg7 4. Bf4 Nf6 5. e3 O-O 6. Be2 b6 7. Ne5 c5 8. h4 Ba6
9. h5 Bxe2 10. Qxe2 Nbd7 11. hxg6 fxg6 12. O-O-O e6 13. Bh6 Rc8 14. Bxg7 Kxg7
15. Rh3 Qc7 16. f4 cxd4 17. exd4 Nxe5 18. fxe5 Ne4 19. Rdh1 h5 20. Nxe4 dxe4 21.
Qxe4 Rf2 22. Rc3 Qd7 23. Rxc8 Qxc8 24. a3 Qc4 25. Kb1 Re2 26. Qb7+ Kh6 27. Rc1
Qxd4 28. Qxa7 Rxe5 29. Qb8 Rb5 30. c3 Qe4+ 31. Ka1 Qxg2 32. Qh8+ Kg5 33. Qd4
Qxb2# 0-1

[Event "Mondiale Lampo FIDE 2019"]
[Site "Mosca"]
[Date "30.12.2019"]
[Round "21.55"]
[White "Shcherbakov, Ruslan"]
[Black "Murzin, Volodar"]
[Result "1/2-1/2"]
[WhiteTitle "GM"]
[BlackTitle "IM"]
[WhiteElo "2527"]
[BlackElo "2442"]
[WhiteFideId "4102240"]
[BlackFideId "44155573"]
[EventDate "2019.12.29"]

1. e4 c6 2. d4 d5 3. e5 Bf5 4. h4 h5 5. Bd3 Bxd3 6. Qxd3 Qa5+ 7. Nd2 e6 8. Nf3
Nh6 9. O-O Nf5 10. c4 Be7 11. g3 Nd7 12. b3 O-O 13. Rd1 Rfd8 14. Nf1 Qa6 15. Bg5
Bxg5 16. hxg5 dxc4 17. bxc4 Nb6 18. Rac1 g6 19. Ne3 Ne7 20. Qb3 Qa4 21. Qc3 Rac8
22. Nd2 c5 23. dxc5 Rxc5 24. Ne4 Rcc8 25. Nd6 Rb8 26. Qd4 Qc6 27. Qf4 Nf5 28.
Nexf5 exf5 29. c5 Nd5 30. Qd4 Nc7 31. e6 Nxe6 32. Qf6 Rd7 33. Re1 Rf8 34. Rxe6
fxe6 35. Qxg6+ Rg7 36. Qxe6+ Kh8 37. Qh6+ Kg8 38. Qe6+ Kh8 39. Qh6+ Kg8 40. Qe6+ 1/2-1/2

[Event "Mondiale Lampo FIDE 2019"]
[Site "Mosca"]
[Date "30.12.2019"]
[Round "21.56"]
[White "Rozum, Ivan"]
[Black "Iljiushenok, Ilia"]
[Result "1-0"]
[WhiteTitle "GM"]
[BlackTitle "GM"]
[WhiteElo "2573"]
[BlackElo "2521"]
[WhiteFideId "24104272"]
[BlackFideId "24105074"]
[EventDate "2019.12.29"]

1. Nf3 Nf6 2. g3 g6 3. b3 Bg7 4. Bb2 O-O 5. Bg2 d6 6. d4 b5 7. O-O Bb7 8. Nbd2
c5 9. e3 Nbd7 10. c4 bxc4 11. Nxc4 Be4 12. Qe2 Qc8 13. Ncd2 Bc6 14. e4 Rb8 15.
e5 dxe5 16. dxe5 Nd5 17. Nc4 e6 18. Ng5 Bb5 19. Rac1 Qa6 20. Ba1 Nb4 21. a4 Bc6
22. Rfd1 Bxg2 23. Kxg2 Nd5 24. Qf3 Qb7 25. Rd3 f6 26. Nxe6 fxe5 27. Qxd5 Qxd5+
28. Rxd5 Nf6 29. Rxe5 Ng4 1-0

[Event "Mondiale Lampo FIDE 2019"]
[Site "Mosca"]
[Date "30.12.2019"]
[Round "21.57"]
[White "Sjugirov, Sanan"]
[Black "Kazhgaleyev, Murtas"]
[Result "0-1"]
[WhiteTitle "GM"]
[BlackTitle "GM"]
[WhiteElo "2665"]
[BlackElo "2569"]
[WhiteFideId "4189302"]
[BlackFideId "13700316"]
[EventDate "2019.12.29"]

1. d4 e6 2. c4 d5 3. Nf3 Nf6 4. Nc3 Be7 5. cxd5 exd5 6. Qc2 c6 7. h3 g6 8. Bh6
Bf5 9. Qd2 Nbd7 10. g4 Be6 11. e3 Ne4 12. Qc2 f5 13. Bd3 Bf6 14. gxf5 gxf5 15.
O-O-O Qe7 16. Bf4 O-O 17. Rhg1+ Kh8 18. Ne5 Bxe5 19. dxe5 Ndc5 20. Bxe4 fxe4 21.
Bg5 Qd7 22. Bf6+ Rxf6 23. exf6 Rf8 24. Na4 Nd3+ 25. Rxd3 exd3 26. Qxd3 Qf7 27.
Rg7 Qh5 28. Rxb7 Qxh3 29. Nc5 Bf5 30. Qd1 Qh4 31. Qf1 d4 32. Qg1 Qxf6 33. e4 Bg6
34. Qg3 Qxf2 35. Qe5+ Qf6 36. Qxf6+ Rxf6 37. Rxa7 h5 38. Ra3 Rf1+ 39. Kc2 Rf2+
40. Kc1 Kh7 41. Rh3 Kh6 42. a4 Kg5 43. Rg3+ Kh6 44. Rh3 Kg5 45. Rg3+ Kh6 46. a5
h4 47. Rh3 Kh5 48. a6 Rf8 49. Ne6 Ra8 50. Ra3 Bxe4 51. a7 c5 52. Nxc5 Rc8 53. b4
Kg4 54. Kd2 Ba8 55. Nd7 h3 56. Ne5+ Kh4 57. Ng6+ Kg4 58. Ne5+ Kf5 59. Nf7 Rf8
60. Nd6+ Kg4 61. Ra1 h2 62. b5 h1=Q 63. Rxh1 Bxh1 64. b6 Rd8 65. Nf7 Re8 66. Nd6
Rd8 67. Nc4 Kf5 68. Na5 Ra8 69. Kd3 Ke5 70. Kc4 Bd5+ 71. Kd3 Be4+ 72. Kc4 Rc8+
73. Kb4 d3 74. Nb3 Kf4 75. Nd2 Ke5 0-1

[Event "Mondiale Lampo FIDE 2019"]
[Site "Mosca"]
[Date "30.12.2019"]
[Round "21.58"]
[White "Anton Guijarro, David"]
[Black "Vokhidov, Shamsiddin"]
[Result "1/2-1/2"]
[WhiteTitle "GM"]
[BlackTitle "IM"]
[WhiteElo "2685"]
[BlackElo "2526"]
[WhiteFideId "2285525"]
[BlackFideId "14204223"]
[EventDate "2019.12.29"]

1. Nf3 Nf6 2. b3 d5 3. Bb2 c5 4. e3 Nc6 5. Bb5 Bd7 6. O-O e6 7. d4 cxd4 8. exd4
Bd6 9. a3 O-O 10. Bd3 Rc8 11. Qe2 Ne7 12. Ne5 Nf5 13. Nd2 Be7 14. Rae1 Nd6 15.
g4 Bc6 16. f3 Nd7 17. f4 Bh4 18. Rc1 h6 19. Nxc6 bxc6 20. Nf3 Be7 21. Kh1 c5 22.
dxc5 Nxc5 23. g5 Nxd3 24. cxd3 Rxc1 25. Rxc1 hxg5 26. fxg5 Nf5 27. g6 fxg6 28.
Qxe6+ Kh7 29. Rg1 Bf6 30. Bxf6 Qxf6 31. Ng5+ Kh8 32. Qxf6 gxf6 33. Ne6 Rg8 34.
Nf4 g5 35. Nxd5 Kg7 36. Rf1 Nd4 37. Nxf6 Rd8 38. b4 Ne6 39. Ne4 Rxd3 40. Rg1 Kg6
41. Rg3 Rd1+ 42. Kg2 Kf5 43. Nc5 Nf4+ 44. Kf3 Ra1 45. a4 Ra3+ 46. Kf2 Ra2+ 47.
Ke3 Nd5+ 48. Kd4 Nxb4 49. h3 Nc6+ 50. Kd5 Ne5 51. Ne4 Rxa4 52. Rxg5+ Kf4 53.
Rxe5 Ra5+ 54. Nc5 Rxc5+ 55. Kxc5 Kxe5 56. Kb5 1/2-1/2

[Event "Mondiale Lampo FIDE 2019"]
[Site "Mosca"]
[Date "30.12.2019"]
[Round "21.59"]
[White "Jakovenko, Dmitry"]
[Black "Yanchenko, Roman"]
[Result "1-0"]
[WhiteTitle "GM"]
[BlackTitle "FM"]
[WhiteElo "2698"]
[BlackElo "2463"]
[WhiteFideId "4122356"]
[BlackFideId "4137329"]
[EventDate "2019.12.29"]

1. e4 e6 2. d4 d5 3. Nc3 Bb4 4. e5 Ne7 5. a3 Bxc3+ 6. bxc3 b6 7. Qg4 Kf8 8. h4
h5 9. Qf3 Ba6 10. Bxa6 Nxa6 11. Ne2 Nf5 12. Bg5 Qd7 13. a4 c5 14. a5 b5 15. O-O
Rc8 16. g3 cxd4 17. Nxd4 Nxd4 18. cxd4 Rxc2 19. Rac1 Rc4 20. Rxc4 bxc4 21. Rb1
Kg8 22. Kg2 Qc6 23. Bd2 Qc7 24. Qd1 Nb8 25. a6 Nxa6 26. Qa4 Qc8 27. Ra1 Nb8 28.
Qxa7 c3 29. Be3 Nd7 30. Rb1 Kh7 31. Rb7 c2 32. Rc7 Qb8 33. Rxd7 Qb1 34. Rxf7 Rg8
35. Qa3 Qd1 36. Qc1 Qd3 37. Rc7 Qe4+ 38. Kh2 Kh8 39. Qxc2 1-0

[Event "Mondiale Lampo FIDE 2019"]
[Site "Mosca"]
[Date "30.12.2019"]
[Round "21.60"]
[White "Khanin, Semen"]
[Black "Riazantsev, Alexander"]
[Result "0-1"]
[WhiteTitle "IM"]
[BlackTitle "GM"]
[WhiteElo "2500"]
[BlackElo "2639"]
[WhiteFideId "4111990"]
[BlackFideId "4125029"]
[EventDate "2019.12.29"]

1. e4 c6 2. d4 d5 3. Nd2 dxe4 4. Nxe4 Nf6 5. Nxf6+ exf6 6. c3 Bd6 7. Bd3 O-O 8.
Qc2 h6 9. Ne2 c5 10. O-O Nc6 11. dxc5 Bxc5 12. Bf4 Re8 13. Rad1 Qe7 14. Ng3 Ne5
15. Bb5 Rd8 16. Rxd8+ Qxd8 17. Rd1 Qb6 18. Bf1 Bg4 19. Re1 Re8 20. h3 Bd7 21. b4
Bf8 22. Be3 Qc7 23. Bd4 Nf3+ 24. gxf3 Rxe1 25. Kg2 Bc6 26. Bd3 Qf4 27. Be4 Bxe4
28. fxe4 a6 29. Qd3 Qc1 30. Be3 Qd1 31. Qc4 Qd7 32. Bd4 Qc6 33. Qd3 Ra1 34. Nf5
Rxa2 35. Qf3 Qe6 36. Ne3 Bd6 37. Nd5 Be5 38. Be3 a5 39. bxa5 Rxa5 40. c4 Ra8 41.
c5 Re8 42. Qe2 Bb8 43. f3 Qe5 44. Nf4 g5 45. Nh5 Qh2+ 46. Kf1 Qxh3+ 0-1

[Event "Mondiale Lampo FIDE 2019"]
[Site "Mosca"]
[Date "30.12.2019"]
[Round "21.61"]
[White "Alonso Rosell, Alvar"]
[Black "Sek, Konstantin"]
[Result "1-0"]
[WhiteTitle "GM"]
[WhiteElo "2548"]
[BlackElo "2446"]
[WhiteFideId "2270544"]
[BlackFideId "24104302"]
[EventDate "2019.12.29"]

1. d4 Nf6 2. c4 e6 3. Nc3 c5 4. d5 exd5 5. cxd5 d6 6. e4 g6 7. f4 Bg7 8. Bb5+
Nfd7 9. Be2 Qh4+ 10. g3 Qd8 11. Nf3 O-O 12. O-O Nb6 13. f5 gxf5 14. Bg5 f6 15.
Bf4 Re8 16. exf5 Bxf5 17. Nh4 Bh3 18. Re1 a6 19. Qd3 f5 20. Nxf5 Bxf5 21. Qxf5
N8d7 22. Bd3 Rxe1+ 23. Rxe1 Nf8 24. Ne4 Qd7 25. Qh5 Qf7 26. Qxf7+ Kxf7 27. Nxd6+
Kg8 28. Nxb7 c4 29. Bf1 Bxb2 30. Be3 Re8 31. Kf2 Nfd7 32. Nd6 Rf8+ 33. Kg2 c3
34. Bd3 Ne5 35. Bc2 Nbc4 36. Nxc4 Nxc4 37. Bh6 Rd8 38. Bb3 Na5 39. Bc2 Rxd5 40.
Re7 Ba3 41. Rg7+ Kh8 42. Rxh7+ Kg8 43. Rg7+ Kh8 44. Rc7 Bb4 45. Rc8+ 1-0

[Event "Mondiale Lampo FIDE 2019"]
[Site "Mosca"]
[Date "30.12.2019"]
[Round "21.62"]
[White "Ivanisevic, Ivan"]
[Black "Kryakvin, Dmitry"]
[Result "1-0"]
[WhiteTitle "GM"]
[BlackTitle "GM"]
[WhiteElo "2593"]
[BlackElo "2596"]
[WhiteFideId "912417"]
[BlackFideId "4153278"]
[EventDate "2019.12.29"]

1. c4 Nf6 2. Nc3 g6 3. e4 d6 4. d4 Bg7 5. h3 O-O 6. Bg5 Na6 7. Nf3 c6 8. Bd3 e5
9. O-O exd4 10. Nxd4 Nc5 11. Bc2 Re8 12. Re1 Qb6 13. Nb3 Nxb3 14. axb3 Re6 15.
Qd2 Bd7 16. e5 dxe5 17. Bxf6 Bxf6 18. Qxd7 Rd8 19. c5 Rxd7 20. cxb6 axb6 21. b4
Rd4 22. b5 Rb4 23. bxc6 bxc6 24. Ra2 Kg7 25. Rd1 e4 26. Rd7 Bxc3 27. bxc3 Rc4
28. Bb3 1-0

[Event "Mondiale Lampo FIDE 2019"]
[Site "Mosca"]
[Date "30.12.2019"]
[Round "21.63"]
[White "Zarnicki, Pablo"]
[Black "Pashikian, Arman"]
[Result "0-1"]
[WhiteTitle "GM"]
[BlackTitle "GM"]
[WhiteElo "2514"]
[BlackElo "2605"]
[WhiteFideId "100137"]
[BlackFideId "13301578"]
[EventDate "2019.12.29"]

1. e4 c5 2. Nf3 d6 3. Bb5+ Nd7 4. d4 cxd4 5. Qxd4 a6 6. Bxd7+ Bxd7 7. Nc3 e5 8.
Qd3 h6 9. O-O Nf6 10. a4 Be7 11. Nd2 O-O 12. Nc4 Be6 13. Ne3 Rc8 14. b3 Qc7 15.
Bb2 Qc5 16. Rad1 b5 17. axb5 axb5 18. Nxb5 Nxe4 19. c4 f5 20. Ba3 Qb6 21. Nd5
Bxd5 22. Qxd5+ Kh8 23. Nxd6 Bxd6 24. Bxd6 Nxd6 25. Qxd6 Qxb3 26. c5 e4 27. Rc1
Rf6 28. Qd7 Qe6 29. Qb7 Qc6 30. Qb3 f4 31. Rfd1 Rf5 32. Qb4 e3 33. f3 Rxc5 34.
Rxc5 Qxc5 35. Qxc5 Rxc5 36. g3 g5 37. gxf4 gxf4 38. Kg2 Rc2+ 39. Kh3 h5 40. Rd5
Kg7 41. Rxh5 Kf6 42. Rh8 Rc7 43. Ra8 Rg7 44. Ra4 Ke5 45. Ra5+ Kd4 46. Rf5 Kd3
47. Rxf4 Re7 48. Ra4 e2 49. Ra3+ Kd4 50. Ra4+ Kd5 51. Ra5+ Kd6 52. Ra6+ Kd7 53.
Ra1 e1=Q 54. Rxe1 Rxe1 55. Kg4 Ke7 56. h4 Kf6 57. Kf4 Ra1 58. h5 Ra4+ 59. Kg3
Kg5 0-1

[Event "Mondiale Lampo FIDE 2019"]
[Site "Mosca"]
[Date "30.12.2019"]
[Round "21.64"]
[White "Sasikiran, Krishnan"]
[Black "Suleymanli, Aydin"]
[Result "1-0"]
[WhiteTitle "GM"]
[BlackTitle "IM"]
[WhiteElo "2656"]
[BlackElo "2473"]
[WhiteFideId "5004985"]
[BlackFideId "13413937"]
[EventDate "2019.12.29"]

1. e4 c6 2. d4 d5 3. e5 c5 4. Nf3 Nc6 5. dxc5 Bg4 6. c3 e6 7. Be3 Qc7 8. Nbd2 a6
9. Qa4 Bxf3 10. Nxf3 Ne7 11. b4 Rc8 12. Bd3 Ng6 13. Bxg6 hxg6 14. O-O Qd7 15.
Qd1 f6 16. Bd4 g5 17. exf6 gxf6 18. Bxf6 Rh6 19. Bxg5 Rg6 20. h4 e5 21. Re1 Re6
22. Nd4 Nxd4 23. cxd4 e4 24. f3 Bg7 25. fxe4 dxe4 26. d5 Bxa1 27. dxe6 Bd4+ 28.
Kh1 Qg7 29. Qh5+ 1-0

[Event "Mondiale Lampo FIDE 2019"]
[Site "Mosca"]
[Date "30.12.2019"]
[Round "21.65"]
[White "Esipenko, Andrey"]
[Black "Vavulin, Maxim"]
[Result "1-0"]
[WhiteTitle "GM"]
[BlackTitle "GM"]
[WhiteElo "2642"]
[BlackElo "2556"]
[WhiteFideId "24175439"]
[BlackFideId "4169530"]
[EventDate "2019.12.29"]

1. d4 g6 2. c4 Bg7 3. Nc3 e6 4. Nf3 Ne7 5. e4 d5 6. Be2 O-O 7. O-O c5 8. dxc5 d4
9. Nb5 e5 10. Rb1 a5 11. Ne1 Be6 12. b3 Na6 13. Nd3 Nc6 14. a3 Qe7 15. Qc2 f5
16. Bf3 fxe4 17. Bxe4 Bf5 18. Nd6 Nxc5 19. Nxf5 gxf5 20. Nxc5 fxe4 21. Nxe4 Qf7
22. Ng5 Qh5 23. Qe4 Rae8 24. b4 axb4 25. axb4 Bf6 26. Qd5+ Kh8 27. Ne4 Bg7 28.
b5 Ne7 29. Qxb7 Nf5 30. Bd2 Qe2 31. Rfe1 Qxc4 32. b6 Qd3 33. Qd5 Rd8 34. Qb3 Qa6
35. b7 Rb8 36. Nc5 Qc6 37. Rbc1 Nh4 38. Qg3 Nf5 39. Qg4 Rf6 40. Qe4 Qe8 41. Bg5
Nd6 42. Qd5 Rg6 43. Bh4 Nf5 44. Bg3 Rd6 45. Qe4 Nxg3 46. hxg3 Qf7 47. Na6 1-0

[Event "Mondiale Lampo FIDE 2019"]
[Site "Mosca"]
[Date "30.12.2019"]
[Round "21.66"]
[White "Sethuraman, S.P."]
[Black "Khusnutdinov, Rustam"]
[Result "1-0"]
[WhiteTitle "GM"]
[BlackTitle "GM"]
[WhiteElo "2638"]
[BlackElo "2491"]
[WhiteFideId "5021596"]
[BlackFideId "13701703"]
[EventDate "2019.12.29"]

1. e4 e6 2. d4 d5 3. Nc3 Bb4 4. e5 c5 5. a3 Bxc3+ 6. bxc3 Ne7 7. Qg4 O-O 8. Bd3
f5 9. exf6 Rxf6 10. Bg5 Rf7 11. Qd1 Qa5 12. Bd2 e5 13. dxe5 Nbc6 14. f4 c4 15.
Be2 Bf5 16. Nf3 Qc5 17. Qc1 d4 18. O-O Nd5 19. Kh1 Nxc3 20. Bxc3 dxc3 21. Ng5
Rd7 22. Bf3 Rd4 23. Qe3 Rad8 24. Be4 Qf8 25. e6 h6 26. Bxc6 Qe7 27. Nf3 R4d6 28.
Bb5 Rc8 29. Nd4 Qf6 30. Nxf5 Qxf5 31. Bd7 Ra8 32. Qxc3 1-0

[Event "Mondiale Lampo FIDE 2019"]
[Site "Mosca"]
[Date "30.12.2019"]
[Round "21.67"]
[White "Rakhmanov, Aleksandr"]
[Black "Can, Emre"]
[Result "0-1"]
[WhiteTitle "GM"]
[BlackTitle "GM"]
[WhiteElo "2645"]
[BlackElo "2600"]
[WhiteFideId "4173708"]
[BlackFideId "6302181"]
[EventDate "2019.12.29"]

1. d4 e6 2. e4 d5 3. exd5 exd5 4. c4 Bb4+ 5. Nc3 Ne7 6. Bd3 dxc4 7. Bxc4 O-O 8.
Ne2 Nd7 9. O-O Nb6 10. Bb3 Ned5 11. a3 Be7 12. Nf4 c6 13. Re1 Bf6 14. Ncxd5 Nxd5
15. Nh5 Be6 16. Qd3 Re8 17. Bd2 Nc7 18. Bc2 g6 19. Nxf6+ Qxf6 20. Qg3 Nb5 21.
Bf4 Qxd4 22. a4 Qxb2 23. Bd3 Nd4 24. Be5 c5 25. Qg5 Bb3 26. Qf6 Rxe5 27. Qxe5 b6
28. a5 Rf8 29. axb6 axb6 30. h4 Qd2 31. Re3 Nc6 32. Qf6 Nb4 33. h5 Nd5 34. Qe5
Qc3 35. Qxc3 Nxc3 36. Bxg6 hxg6 37. Rxc3 c4 38. Ra6 Rb8 39. hxg6 fxg6 40. Rg3
Bc2 41. Kf1 b5 42. Rc3 Bd3+ 43. Ke1 b4 44. Rxd3 cxd3 45. Kd2 b3 46. Ra1 b2 47.
Rb1 Rb3 48. Ke3 Kf7 49. f4 Ke6 50. g4 Kd5 51. Kf3 Kd4 52. g5 0-1

[Event "Mondiale Lampo FIDE 2019"]
[Site "Mosca"]
[Date "30.12.2019"]
[Round "21.68"]
[White "Bocharov, Dmitry"]
[Black "Samsonkin, Artiom"]
[Result "1-0"]
[WhiteTitle "GM"]
[BlackTitle "IM"]
[WhiteElo "2524"]
[BlackElo "2428"]
[WhiteFideId "4138716"]
[BlackFideId "13503111"]
[EventDate "2019.12.29"]

1. c4 Nf6 2. Nc3 e6 3. d4 Bb4 4. e3 O-O 5. Ne2 d5 6. a3 Bd6 7. c5 Be7 8. Nf4 b6
9. b4 c6 10. Bd3 Nbd7 11. O-O Qc7 12. Bd2 e5 13. Nfe2 e4 14. Bc2 a5 15. f3 exf3
16. gxf3 Re8 17. e4 axb4 18. axb4 Rxa1 19. Qxa1 bxc5 20. bxc5 dxe4 21. fxe4 Bf8
22. Bb3 Bxc5 23. dxc5 Nxc5 24. Ba2 Ncxe4 25. Nxe4 Rxe4 26. Ng3 Qb6+ 27. Kh1 Re7
28. Rxf6 gxf6 29. Qxf6 Qc5 30. Bc3 1-0

[Event "Mondiale Lampo FIDE 2019"]
[Site "Mosca"]
[Date "30.12.2019"]
[Round "21.69"]
[White "Belov, Vladimir"]
[Black "Frolyanov, Dmitry"]
[Result "0-1"]
[WhiteTitle "GM"]
[BlackTitle "GM"]
[WhiteElo "2598"]
[BlackElo "2556"]
[WhiteFideId "4132394"]
[BlackFideId "4151976"]
[EventDate "2019.12.29"]

1. e4 c5 2. Nf3 Nc6 3. d4 cxd4 4. Nxd4 Nf6 5. Nc3 e5 6. Ndb5 d6 7. Bg5 a6 8. Na3
b5 9. Nd5 Be7 10. Bxf6 Bxf6 11. c4 b4 12. Nc2 O-O 13. h4 Be6 14. g3 a5 15. Bg2
Rb8 16. Qd3 Be7 17. O-O Qd7 18. b3 Nd8 19. Rfd1 Nb7 20. a3 bxa3 21. Nxe7+ Qxe7
22. Rxa3 Rfd8 23. Ne3 h6 24. Rda1 Qc7 25. Nf5 Nc5 26. Qe3 Qd7 27. g4 Bxf5 28.
exf5 e4 29. Rd1 Qe7 30. Qg3 Nd3 31. Bxe4 Nxf2 32. Kxf2 Qxe4 33. Qf3 Qe5 34. Kf1
Qb2 35. Rxa5 Rxb3 36. Qf2 Qc3 37. Ra4 Qh3+ 38. Ke1 Re8+ 39. Kd2 Qc3# 0-1

[Event "Mondiale Lampo FIDE 2019"]
[Site "Mosca"]
[Date "30.12.2019"]
[Round "21.70"]
[White "Dragnev, Valentin"]
[Black "Tran, Tuan Minh"]
[Result "0-1"]
[WhiteTitle "GM"]
[BlackTitle "GM"]
[WhiteElo "2553"]
[BlackElo "2529"]
[WhiteFideId "1634852"]
[BlackFideId "12401820"]
[EventDate "2019.12.29"]

1. d4 Nf6 2. c4 e6 3. Nf3 b6 4. g3 Ba6 5. b3 Bb4+ 6. Bd2 Be7 7. Bg2 d5 8. cxd5
exd5 9. Nc3 O-O 10. O-O Bb7 11. Ne5 Na6 12. Qc2 c6 13. Rad1 Nc7 14. e4 Ne6 15.
Be3 Rc8 16. Rfe1 Bb4 17. Bc1 c5 18. exd5 Nxd4 19. Qd3 Nxd5 20. Bd2 Bxc3 21. Bxc3
Nxc3 22. Qxc3 Bxg2 23. Kxg2 Qd5+ 24. f3 Rfe8 25. Ng4 h5 26. Nf2 a5 27. Re3 Rxe3
28. Qxe3 Rc6 29. Qe8+ Kh7 30. Ne4 Rg6 31. h4 Qf5 32. Rd3 f6 33. Qd8 Qe6 34. Qc7
a4 35. Re3 Qd5 36. Qxb6 axb3 37. axb3 Nf5 38. Rc3 Nxg3 39. Nxg3 Qd2+ 40. Kh3
Qd7+ 41. Kh2 Qd2+ 42. Kh3 Qxc3 43. Qe6 Qxf3 0-1